[Event "DEM U12 2019"]
[Site "Willingen GER"]
[Date "2019.06.09"]
[Round "1"]
[White "Ohler, Julius"]
[Black "Pfeffer, Samuel"]
[Result "1-0"]
[Termination "normal"]
[Board "17"]
[WhiteElo "1837"]
[BlackElo "1333"]
[PlyCount "101"]
[WhiteFideId "16238982"]
[BlackFideId "16249160"]
[EventCountry "GER"]
[EventRounds "9"]
[EventType "swiss"]
[EventDate "2019.06.08"]

1. d4 Nf6 2. c4 e6 3. Nc3 d5 4. Nf3 Be7 5. Bf4 O-O 6. e3 Nbd7 7. a3 c5 8. cxd5
Nxd5 9. Nxd5 exd5 10. dxc5 Nxc5 11. Be2 Bf5 12. Nd4 Bg6 13. O-O Ne6 14. Bg3 Rc8
15. Nxe6 fxe6 16. Bd3 Bxd3 17. Qxd3 Bf6 18. Rab1 Rc4 19. Rfc1 b5 20. b3 Rxc1+
21. Rxc1 Qa5 22. Bd6 Re8 23. Bb4 Qb6 24. g3 a5 25. Bc3 Bxc3 26. Qxc3 e5 27. Qc5
Qb7 28. Qd6 d4 29. exd4 exd4 30. Qxd4 Qf3 31. Qd7 Rf8 32. Qe6+ Kh8 33. Qe3 Qxe3
34. fxe3 b4 35. Rc5 a4 36. bxa4 bxa3 37. Rc3 a2 38. Ra3 Rf3 39. Kg2 a1=Q 40.
Rxa1 Rxe3 41. a5 Re7 42. a6 Ra7 43. Kf3 Kg8 44. Ke4 Kf7 45. Kd5 Ke8 46. Kc6 Kd8
47. Kb6 Rf7 48. a7 Rf6+ 49. Kc5 Rf5+ 50. Kd6 Rf6+ 51. Ke5 1-0

[Event "DEM U12 2019"]
[Site "Willingen GER"]
[Date "2019.06.09"]
[Round "1"]
[White "Hoffmann, Kay"]
[Black "Rempe, Jonas"]
[Result "0-1"]
[Termination "normal"]
[Board "18"]
[WhiteElo "1433"]
[BlackElo "1781"]
[PlyCount "26"]
[WhiteFideId "16227000"]
[BlackFideId "16202406"]
[EventCountry "GER"]
[EventRounds "9"]
[EventType "swiss"]
[EventDate "2019.06.08"]

1. d4 Nf6 2. c4 g6 3. Nc3 Bg7 4. e4 d6 5. f3 O-O 6. Be3 a6 7. g4 Nbd7 8. Nge2
c5 9. d5 Qa5 10. Ng3 b5 11. Qd2 b4 12. Nce2 Ne5 13. Nf4 Nxf3+ 0-1

[Event "DEM U12 2019"]
[Site "Willingen GER"]
[Date "2019.06.09"]
[Round "1"]
[White "Bungarten, Jona"]
[Black "Fink, Moritz"]
[Result "1-0"]
[Termination "normal"]
[Board "19"]
[WhiteElo "1642"]
[BlackElo "1392"]
[PlyCount "59"]
[WhiteFideId "16223608"]
[BlackFideId "16235711"]
[EventCountry "GER"]
[EventRounds "9"]
[EventType "swiss"]
[EventDate "2019.06.08"]

1. e4 e5 2. Nf3 Nc6 3. Bc4 Bc5 4. c3 Nf6 5. d4 exd4 6. cxd4 Bb4+ 7. Nc3 Nxe4 8.
O-O Bxc3 9. d5 Ba5 10. Qa4 Nd6 11. dxc6 Nxc4 12. Qxc4 dxc6 13. Bg5 Qd5 14. Rad1
Be6 15. Rxd5 Bxd5 16. Qe2+ Be6 17. Nd4 O-O 18. Nxe6 fxe6 19. Qxe6+ Kh8 20. Qe5
Bb6 21. Be3 Rae8 22. Qg3 Ba5 23. h4 h6 24. Bd4 Rf7 25. Qg6 Kg8 26. Bxg7 Rxg7
27. Qxe8+ Kh7 28. Rd1 Rg8 29. Rd7+ Kh8 30. Qe5+ 1-0

[Event "DEM U12 2019"]
[Site "Willingen GER"]
[Date "2019.06.09"]
[Round "1"]
[White "Andrade, Ruben"]
[Black "von Mettenheim, Johannes"]
[Result "0-1"]
[Termination "normal"]
[Board "20"]
[WhiteElo "1480"]
[BlackElo "1757"]
[PlyCount "64"]
[WhiteFideId "16246829"]
[BlackFideId "16244818"]
[EventCountry "GER"]
[EventRounds "9"]
[EventType "swiss"]
[EventDate "2019.06.08"]

1. e4 c5 2. c4 Nc6 3. Nc3 g6 4. g3 Bg7 5. d3 d6 6. Bg2 e6 7. Nge2 Nge7 8. O-O
O-O 9. Rb1 b6 10. a3 Bb7 11. b4 Nd4 12. Nxd4 cxd4 13. Ne2 Qd7 14. f4 Rac8 15.
h3 b5 16. cxb5 Qxb5 17. Bb2 Ba6 18. Rf3 f5 19. Nxd4 Qb6 20. Kh2 Bxd4 21. Bxd4
Qxd4 22. b5 Bb7 23. Rb4 Qc3 24. Rc4 Rxc4 25. dxc4 Qxc4 26. Qxd6 fxe4 27. Re3
Nf5 28. Qd7 Nxe3 29. Qxb7 Qc2 30. Qxe4 Qxg2+ 31. Qxg2 Nxg2 32. Kxg2 Rd8 0-1

[Event "DEM U12 2019"]
[Site "Willingen GER"]
[Date "2019.06.09"]
[Round "1"]
[White "Amato, Cristiano"]
[Black "Greßler, Christian"]
[Result "0-1"]
[Termination "normal"]
[Board "21"]
[WhiteElo "1800"]
[BlackElo "1416"]
[PlyCount "98"]
[WhiteFideId "12998460"]
[BlackFideId "16244907"]
[EventCountry "GER"]
[EventRounds "9"]
[EventType "swiss"]
[EventDate "2019.06.08"]

1. e4 e6 2. d4 d5 3. e5 c5 4. c3 Nc6 5. Nf3 Qb6 6. Bd3 Bd7 7. dxc5 Bxc5 8. O-O
Qc7 9. Qe2 Nge7 10. b4 Bb6 11. a4 a6 12. Re1 d4 13. Ba3 dxc3 14. Rc1 Nd4 15.
Qe1 Nxf3+ 16. gxf3 Bd4 17. Nxc3 Qxe5 18. Qxe5 Bxe5 19. Bb2 Rc8 20. Nd1 Bxb2 21.
Nxb2 O-O 22. Rd1 Rfd8 23. Be4 Bc6 24. b5 Bxe4 25. fxe4 f6 26. Kf1 Kf8 27. Ke1
Ke8 28. Rxd8+ Rxd8 29. Rd1 Nc8 30. Rxd8+ Kxd8 31. bxa6 bxa6 32. Nc4 Kc7 33. Kd2
Nb6 34. Nb2 Kc6 35. f4 Nd7 36. Kd3 Nc5+ 37. Kd4 Nb3+ 38. Kc4 Nd2+ 39. Kd3 Nf3
40. h3 Kc5 41. Kc3 Ng1 42. h4 Ne2+ 43. Kd3 Nxf4+ 44. Ke3 Ng2+ 45. Kf3 Nxh4+ 46.
Kg4 Ng6 47. Nd3+ Kd4 48. Nf4 Nxf4 49. Kxf4 g5+ 0-1

[Event "DEM U12 2019"]
[Site "Willingen GER"]
[Date "2019.06.09"]
[Round "1"]
[White "Wessel, Daniel"]
[Black "Zweigait, Leon"]
[Result "0-1"]
[Termination "normal"]
[Board "22"]
[WhiteElo "1501"]
[BlackElo "1474"]
[PlyCount "110"]
[WhiteFideId "16244982"]
[BlackFideId "16201388"]
[EventCountry "GER"]
[EventRounds "9"]
[EventType "swiss"]
[EventDate "2019.06.08"]

1. d4 Nf6 2. c4 c5 3. e3 e6 4. Nf3 b6 5. Nc3 Bb7 6. dxc5 Bxc5 7. Be2 Nc6 8. O-O
O-O 9. a3 d5 10. b4 Bd6 11. cxd5 exd5 12. Bb2 Rc8 13. Rc1 Qd7 14. Kh1 Qf5 15.
Nd4 Qe5 16. Nf3 Qh5 17. h3 Ne5 18. Qd4 Nxf3 19. Bxf3 Qe5 20. Qxe5 Bxe5 21. Ba1
Ba8 22. Rfd1 Rfd8 23. Nb5 Rxc1 24. Rxc1 Bxa1 25. Rxa1 Rd7 26. Rc1 Bb7 27. Nxa7
g6 28. Nb5 Ba6 29. Nd4 Bc4 30. Be2 Ne4 31. Bxc4 dxc4 32. Rc2 Rd5 33. Kg1 b5 34.
f3 Nd6 35. Kf2 f5 36. Rd2 Kf7 37. Ke2 Kf6 38. Nc2 Rxd2+ 39. Kxd2 Ke5 40. Kc3 g5
41. Nd4 h5 42. Nc6+ Kd5 43. Nd4 g4 44. Nxf5 gxh3 45. gxh3 Nf7 46. Ng3 Ng5 47.
f4 h4 48. Nf5 Nf3 49. Nd4 Ng1 50. Nxb5 Nxh3 51. a4 Nxf4 52. a5 Ne6 53. a6 Kc6
54. Nd4+ Nxd4 55. exd4 Kb6 0-1

[Event "DEM U12 2019"]
[Site "Willingen GER"]
[Date "2019.06.09"]
[Round "1"]
[White "Krömer, Emanuel"]
[Black "Müller, Maximilian"]
[Result "0-1"]
[Termination "normal"]
[Board "24"]
[WhiteElo "1466"]
[BlackElo "1606"]
[PlyCount "76"]
[WhiteFideId "16287070"]
[BlackFideId "16243552"]
[EventCountry "GER"]
[EventRounds "9"]
[EventType "swiss"]
[EventDate "2019.06.08"]

1. d4 Nf6 2. Nf3 g6 3. Nc3 d5 4. Bf4 c6 5. Qd2 Bg7 6. Bh6 O-O 7. Bxg7 Kxg7 8.
e3 Nbd7 9. h3 Qc7 10. g4 Re8 11. Qd3 e5 12. g5 Nh5 13. Qe2 exd4 14. Nxd4 Ne5
15. O-O-O b5 16. f4 Ng3 17. Qg2 Nxh1 18. Qxh1 Nc4 19. Bxc4 bxc4 20. Re1 Rb8 21.
b3 Bd7 22. h4 Qa5 23. Kb2 Qc5 24. Na4 Qe7 25. h5 c5 26. hxg6 fxg6 27. Nxc5 Qxc5
28. Qh6+ Kg8 29. f5 c3+ 30. Kb1 Qa3 31. Qxh7+ Kxh7 32. Rh1+ Kg7 33. f6+ Kg8 34.
f7+ Kxf7 35. Rh7+ Kg8 36. Rg7+ Kxg7 37. Nf5+ gxf5 38. e4 Qb2# 0-1

[Event "DEM U12 2019"]
[Site "Willingen GER"]
[Date "2019.06.09"]
[Round "1"]
[White "Ensslinger, Colin"]
[Black "Malchereck, Zion"]
[Result "0-1"]
[Termination "normal"]
[Board "25"]
[WhiteElo "1690"]
[BlackElo "1438"]
[PlyCount "52"]
[WhiteFideId "16226011"]
[BlackFideId "16269233"]
[EventCountry "GER"]
[EventRounds "9"]
[EventType "swiss"]
[EventDate "2019.06.08"]

1. c4 e5 2. g3 Nf6 3. Bg2 Bc5 4. Nc3 a6 5. e3 Nc6 6. Nge2 O-O 7. O-O Ba7 8. a3
d6 9. b4 Ne7 10. d4 Ng6 11. Qc2 Rb8 12. Bb2 Be6 13. d5 Bd7 14. e4 Qc8 15. Nd1
Bh3 16. c5 Bxg2 17. Kxg2 Qg4 18. f4 dxc5 19. Ne3 Qh5 20. bxc5 Bxc5 21. Qxc5
Qxe2+ 22. Rf2 Qxf2+ 23. Kxf2 Nxe4+ 24. Kf3 Nxc5 25. fxe5 Rfe8 26. Rc1 Nd3 0-1

[Event "DEM U12 2019"]
[Site "Willingen GER"]
[Date "2019.06.09"]
[Round "1"]
[White "Honstein, Michael"]
[Black "Möller, Maurin"]
[Result "0-1"]
[Termination "normal"]
[Board "26"]
[WhiteElo "1378"]
[BlackElo "1686"]
[PlyCount "74"]
[WhiteFideId "16287053"]
[BlackFideId "16265696"]
[EventCountry "GER"]
[EventRounds "9"]
[EventType "swiss"]
[EventDate "2019.06.08"]

1. e4 e5 2. Nf3 Nf6 3. Nxe5 d6 4. Nf3 Nxe4 5. Nc3 Nxc3 6. dxc3 Be7 7. Be3 Nc6
8. Qd2 a6 9. O-O-O Be6 10. Kb1 Qd7 11. h3 O-O-O 12. Nd4 Bf6 13. Nxe6 Qxe6 14.
Be2 Kb8 15. Bg4 Qe4 16. Bf3 Qc4 17. Bd5 Qb5 18. b3 Qa5 19. c4 Bc3 20. Qc1 f6
21. Bxc6 bxc6 22. Bd2 Rhe8 23. Bxc3 Qxc3 24. Qd2 Qxd2 25. Rxd2 Re7 26. Kc1 c5
27. Kd1 Rde8 28. g3 Kb7 29. c3 a5 30. a4 Kc6 31. g4 Re4 32. Rg1 g5 33. Rb2 Rb8
34. Re1 Rxc4 35. Kd2 Rxa4 36. Re7 Rf4 37. Ke2 a4 0-1

[Event "DEM U12 2019"]
[Site "Willingen GER"]
[Date "2019.06.09"]
[Round "1"]
[White "Bock, Marlon"]
[Black "Werner, Florin"]
[Result "1-0"]
[Termination "normal"]
[Board "27"]
[WhiteElo "1596"]
[BlackElo "1288"]
[PlyCount "61"]
[WhiteFideId "16244931"]
[BlackFideId "16250230"]
[EventCountry "GER"]
[EventRounds "9"]
[EventType "swiss"]
[EventDate "2019.06.08"]

1. d4 e6 2. Nf3 d5 3. e3 Nf6 4. Bd3 c5 5. b3 Bd6 6. O-O Nc6 7. Bb2 O-O 8. Nbd2
b6 9. c4 cxd4 10. exd4 Bb7 11. Rc1 Rc8 12. Re1 Nb4 13. Bb1 Rc7 14. a3 Na6 15.
Qe2 Re8 16. Qd3 Rc6 17. cxd5 Rxc1 18. Bxc1 Bxd5 19. Qxa6 Qc7 20. Bb2 Ng4 21. g3
Qc6 22. Qe2 h5 23. Be4 Re7 24. Nc4 Bxc4 25. Qxc4 Qxc4 26. bxc4 f5 27. Bd3 Kf7
28. h3 Nf6 29. Ng5+ Ke8 30. Rxe6 Rxe6 31. Nxe6 1-0

[Event "DEM U12 2019"]
[Site "Willingen GER"]
[Date "2019.06.09"]
[Round "1"]
[White "Janssen, Joris Frederik"]
[Black "Heinrich, John"]
[Result "0-1"]
[Termination "normal"]
[Board "28"]
[WhiteElo "1274"]
[BlackElo "1695"]
[PlyCount "116"]
[WhiteFideId "16287061"]
[BlackFideId "16259491"]
[EventCountry "GER"]
[EventRounds "9"]
[EventType "swiss"]
[EventDate "2019.06.08"]

1. d4 Nf6 2. c4 e6 3. Nc3 Bb4 4. Qc2 O-O 5. Nf3 d5 6. b3 Ne4 7. Bb2 Nd7 8. e3
Ndf6 9. Bd3 b6 10. O-O Bxc3 11. Bxc3 Bb7 12. Bb2 Rc8 13. Nd2 Nxd2 14. Qxd2 c5
15. Rad1 cxd4 16. Bxd4 Nd7 17. Bb1 Qe7 18. Rfe1 Rfd8 19. Qd3 g6 20. f3 dxc4 21.
bxc4 e5 22. Bb2 Qg5 23. e4 Qe7 24. Qf1 Ba6 25. Rc1 f6 26. a3 Nc5 27. Bc3 Nb3
28. Bb4 Qc7 29. Rc2 Nd4 30. Rcc1 Bxc4 31. Qxc4+ Qxc4 32. Rxc4 Rxc4 33. Ba2 Rdc8
34. Kf2 Kg7 35. Bxc4 Rxc4 36. h3 Rc2+ 37. Kg1 Kf7 38. Rd1 Ke6 39. Kf1 a5 40.
Bf8 g5 41. Rb1 b5 42. h4 Rc8 43. Bh6 Kf7 44. h5 Rc2 45. Ra1 Rc7 46. Kf2 b4 47.
axb4 axb4 48. Ra8 b3 49. Rh8 b2 50. Rxh7+ Ke6 51. Rxc7 b1=Q 52. Bf8 Qh1 53.
Re7+ Kd6 54. Ra7+ Kc6 55. h6 Nc2 56. Ke2 Qxg2+ 57. Kd3 Qxf3+ 58. Kxc2 Qf2+ 0-1

[Event "DEM U12 2019"]
[Site "Willingen GER"]
[Date "2019.06.09"]
[Round "1"]
[White "Fuhrmann, Bahne"]
[Black "Langen, Sebastian"]
[Result "1-0"]
[Termination "normal"]
[Board "29"]
[WhiteElo "1659"]
[BlackElo "1167"]
[PlyCount "111"]
[WhiteFideId "16244842"]
[BlackFideId "16287088"]
[EventCountry "GER"]
[EventRounds "9"]
[EventType "swiss"]
[EventDate "2019.06.08"]

1. Nf3 d5 2. d4 Nc6 3. c4 e6 4. Nc3 Nf6 5. Bg5 Be7 6. e3 h6 7. Bh4 O-O 8. Bd3
b6 9. cxd5 exd5 10. O-O Be6 11. Bb5 Qe8 12. Ne5 Bd7 13. Bxf6 Bxf6 14. Nxd7 Qxd7
15. Qa4 Qd6 16. Bxc6 Rab8 17. Nxd5 b5 18. Nxf6+ Qxf6 19. Qc2 a6 20. Bf3 Qe7 21.
Rac1 Qe6 22. Qb3 Qd6 23. Rc6 Qe7 24. Rfc1 Rb7 25. Re6 fxe6 26. Bxb7 Qd6 27. Rc6
Qd8 28. Rxe6 Kh8 29. Rxa6 Qd7 30. Qe6 Qxe6 31. Rxe6 Rb8 32. Bc6 Kh7 33. Be4+
Kg8 34. Bg6 Kf8 35. b3 Rd8 36. a4 c5 37. Re8+ Rxe8 38. Bxe8 Kxe8 39. dxc5 Kd7
40. axb5 Kc7 41. e4 Kd7 42. e5 Ke6 43. b6 Kxe5 44. b7 Kd5 45. b8=Q Kxc5 46. b4+
Kc6 47. b5+ Kd7 48. b6 Ke6 49. b7 Kd5 50. Qd8+ Ke5 51. b8=R Ke6 52. Rb6+ Ke5
53. Qd6+ Kf5 54. Rb5+ Ke4 55. Qd5+ Kf4 56. Rb4# 1-0

[Event "DEM U12 2019"]
[Site "Willingen GER"]
[Date "2019.06.12"]
[Round "6"]
[White "Bakiev, Diyor"]
[Black "Foerster-Yialamas, Lucas"]
[Result "1/2-1/2"]
[Termination "normal"]
[Board "1"]
[WhiteElo "2123"]
[BlackElo "1981"]
[WhiteClock "00:09:40"]
[BlackClock "00:27:57"]
[PlyCount "58"]
[WhiteFideId "16241584"]
[BlackFideId "30901774"]
[EventCountry "GER"]
[EventRounds "9"]
[EventType "swiss"]
[EventDate "2019.06.08"]

1. e4 {[%clk 1:30:58]} 1... c5 {[%clk 1:30:51]} 2. Nf3 {[%clk 1:31:07]} 2... d6
{[%clk 1:31:15]} 3. Nc3 {[%clk 1:31:02]} 3... Nf6 {[%clk 1:31:18]} 4. e5 {
[%clk 1:30:44]} 4... dxe5 {[%clk 1:31:38]} 5. Nxe5 {[%clk 1:31:09]} 5... Nbd7 {
[%clk 1:31:53]} 6. d4 {[%clk 1:31:19]} 6... Nxe5 {[%clk 1:30:21]} 7. dxe5 {
[%clk 1:31:45]} 7... Qxd1+ {[%clk 1:30:43]} 8. Kxd1 {[%clk 1:32:09]} 8... Ng4 {
[%clk 1:26:03]} 9. Bb5+ {[%clk 1:31:34]} 9... Bd7 {[%clk 1:25:29]} 10. e6 {
[%clk 1:31:10]} 10... fxe6 {[%clk 1:18:56]} 11. Ke2 {[%clk 1:28:52]} 11...
Bxb5+ {[%clk 1:15:49]} 12. Nxb5 {[%clk 1:29:15]} 12... Kf7 {[%clk 1:16:09]} 13.
Bf4 {[%clk 1:26:33]} 13... g6 {[%clk 1:09:40]} 14. Rad1 {[%clk 1:24:06]} 14...
Nf6 {[%clk 1:09:13]} 15. Rhe1 {[%clk 1:17:52]} 15... Bg7 {[%clk 1:01:49]} 16.
Nc7 {[%clk 1:06:25]} 16... Rad8 {[%clk 1:00:55]} 17. Rxd8 {[%clk 0:55:42]}
17... Rxd8 {[%clk 1:01:16]} 18. Kf3 {[%clk 0:55:48]} 18... e5 {[%clk 0:52:50]}
19. Rxe5 {[%clk 0:44:27]} 19... Rc8 {[%clk 0:40:48]} 20. Ne6 {[%clk 0:36:08]}
20... Nd7 {[%clk 0:36:25]} 21. Re1 {[%clk 0:30:51]} 21... Bf6 {[%clk 0:36:02]}
22. c3 {[%clk 0:26:04]} 22... c4 {[%clk 0:31:57]} 23. Ng5+ {[%clk 0:22:39]}
23... Bxg5 {[%clk 0:32:09]} 24. Bxg5 {[%clk 0:23:04]} 24... Nf6 {[%clk 0:32:27]
} 25. Bxf6 {[%clk 0:19:57]} 25... exf6 {[%clk 0:32:40]} 26. Re4 {[%clk 0:18:48]
} 26... Rc6 {[%clk 0:32:53]} 27. Ke3 {[%clk 0:16:03]} 27... f5 {[%clk 0:32:19]}
28. Rd4 {[%clk 0:14:03]} 28... Ke7 {[%clk 0:32:11]} 29. h3 {[%clk 0:09:40]}
29... h5 {[%clk 0:27:57]} 1/2-1/2

[Event "DEM U12 2019"]
[Site "Willingen GER"]
[Date "2019.06.12"]
[Round "6"]
[White "Klühs, Gustaf"]
[Black "Freude, Max"]
[Result "1/2-1/2"]
[Termination "normal"]
[Board "2"]
[WhiteElo "1705"]
[BlackElo "1707"]
[WhiteClock "00:44:48"]
[BlackClock "00:52:04"]
[PlyCount "44"]
[WhiteFideId "16228936"]
[BlackFideId "16236157"]
[EventCountry "GER"]
[EventRounds "9"]
[EventType "swiss"]
[EventDate "2019.06.08"]

1. Nf3 {[%clk 1:30:52]} 1... Nf6 {[%clk 1:30:52]} 2. g3 {[%clk 1:31:18]} 2...
e6 {[%clk 1:31:06]} 3. Bg2 {[%clk 1:31:44]} 3... d5 {[%clk 1:31:28]} 4. c4 {
[%clk 1:32:00]} 4... Be7 {[%clk 1:31:24]} 5. O-O {[%clk 1:32:22]} 5... O-O {
[%clk 1:31:41]} 6. cxd5 {[%clk 1:31:17]} 6... exd5 {[%clk 1:29:32]} 7. d3 {
[%clk 1:25:59]} 7... c5 {[%clk 1:24:58]} 8. b3 {[%clk 1:22:12]} 8... Nc6 {
[%clk 1:22:50]} 9. Bb2 {[%clk 1:20:00]} 9... b6 {[%clk 1:19:48]} 10. Nbd2 {
[%clk 1:15:55]} 10... Bb7 {[%clk 1:16:52]} 11. Ne5 {[%clk 1:08:49]} 11... Nxe5
{[%clk 1:15:01]} 12. Bxe5 {[%clk 1:09:15]} 12... Bd6 {[%clk 1:13:49]} 13. Bxd6
{[%clk 1:04:51]} 13... Qxd6 {[%clk 1:14:11]} 14. Qc2 {[%clk 1:04:01]} 14...
Rad8 {[%clk 1:12:21]} 15. Rfe1 {[%clk 1:03:01]} 15... Rfe8 {[%clk 1:11:46]} 16.
Rad1 {[%clk 1:00:49]} 16... Qb8 {[%clk 1:04:21]} 17. e3 {[%clk 0:52:51]} 17...
d4 {[%clk 1:01:12]} 18. Bxb7 {[%clk 0:50:09]} 18... Qxb7 {[%clk 1:01:16]} 19.
e4 {[%clk 0:49:56]} 19... Qd7 {[%clk 0:59:26]} 20. Kg2 {[%clk 0:49:56]} 20...
h5 {[%clk 0:56:05]} 21. Nf3 {[%clk 0:47:47]} 21... g6 {[%clk 0:53:57]} 22. Qd2
{[%clk 0:44:48]} 22... Kg7 {[%clk 0:52:04]} 1/2-1/2

[Event "DEM U12 2019"]
[Site "Willingen GER"]
[Date "2019.06.12"]
[Round "6"]
[White "Metzdorf, Matteo"]
[Black "Woltmann, Peter"]
[Result "1-0"]
[Termination "normal"]
[Board "3"]
[WhiteElo "1837"]
[BlackElo "1471"]
[WhiteClock "00:05:26"]
[BlackClock "01:00:20"]
[PlyCount "59"]
[WhiteFideId "16209869"]
[BlackFideId "16269349"]
[EventCountry "GER"]
[EventRounds "9"]
[EventType "swiss"]
[EventDate "2019.06.08"]

1. e4 {[%clk 1:30:57]} 1... e6 {[%clk 1:30:57]} 2. d4 {[%clk 1:31:20]} 2... d5
{[%clk 1:31:23]} 3. Nc3 {[%clk 1:31:43]} 3... Nf6 {[%clk 1:31:29]} 4. e5 {
[%clk 1:32:07]} 4... Nfd7 {[%clk 1:31:53]} 5. f4 {[%clk 1:32:31]} 5... c5 {
[%clk 1:32:17]} 6. Nf3 {[%clk 1:32:55]} 6... Nc6 {[%clk 1:32:23]} 7. Be3 {
[%clk 1:33:18]} 7... c4 {[%clk 1:32:27]} 8. Be2 {[%clk 1:08:53]} 8... a6 {
[%clk 1:32:32]} 9. f5 {[%clk 1:01:10]} 9... Nb6 {[%clk 1:28:01]} 10. fxe6 {
[%clk 0:57:25]} 10... Bxe6 {[%clk 1:25:09]} 11. Ng5 {[%clk 0:51:43]} 11... Be7
{[%clk 1:20:14]} 12. Nxe6 {[%clk 0:47:25]} 12... fxe6 {[%clk 1:20:33]} 13. O-O
{[%clk 0:46:30]} 13... Qd7 {[%clk 1:20:05]} 14. a4 {[%clk 0:38:20]} 14... Na5 {
[%clk 1:19:09]} 15. Qd2 {[%clk 0:35:49]} 15... Bb4 {[%clk 1:18:43]} 16. Bg4 {
[%clk 0:23:41]} 16... O-O-O {[%clk 1:17:43]} 17. Qe2 {[%clk 0:20:17]} 17... Na8
{[%clk 1:12:21]} 18. Na2 {[%clk 0:17:16]} 18... Be7 {[%clk 1:10:24]} 19. Rf7 {
[%clk 0:12:10]} 19... Rhg8 {[%clk 1:05:57]} 20. b4 {[%clk 0:10:06]} 20... Nc6 {
[%clk 1:05:17]} 21. b5 {[%clk 0:09:15]} 21... Nb8 {[%clk 1:04:31]} 22. Bg5 {
[%clk 0:08:20]} 22... Rde8 {[%clk 1:04:44]} 23. Nc3 {[%clk 0:07:52]} 23... h6 {
[%clk 1:03:30]} 24. Rxe7 {[%clk 0:06:46]} 24... Rxe7 {[%clk 1:03:52]} 25. Bxe7
{[%clk 0:07:11]} 25... Qxe7 {[%clk 1:04:16]} 26. Nxd5 {[%clk 0:07:14]} 26...
Qd7 {[%clk 1:04:05]} 27. Qxc4+ {[%clk 0:06:42]} 27... Kd8 {[%clk 1:04:26]} 28.
Nf4 {[%clk 0:05:53]} 28... axb5 {[%clk 1:01:26]} 29. axb5 {[%clk 0:05:26]}
29... Qe7 {[%clk 1:00:20]} 30. Rxa8 1-0

[Event "DEM U12 2019"]
[Site "Willingen GER"]
[Date "2019.06.12"]
[Round "6"]
[White "Stork, Christopher"]
[Black "Costa, Leonardo"]
[Result "1/2-1/2"]
[Termination "normal"]
[Board "4"]
[WhiteElo "1817"]
[BlackElo "1933"]
[WhiteClock "00:18:27"]
[BlackClock "00:06:05"]
[PlyCount "93"]
[WhiteFideId "16215400"]
[BlackFideId "16213955"]
[EventCountry "GER"]
[EventRounds "9"]
[EventType "swiss"]
[EventDate "2019.06.08"]

1. e4 {[%clk 1:30:58]} 1... e5 {[%clk 1:30:57]} 2. Nf3 {[%clk 1:31:18]} 2...
Nc6 {[%clk 1:31:21]} 3. Bc4 {[%clk 1:31:41]} 3... Bc5 {[%clk 1:31:33]} 4. c3 {
[%clk 1:31:56]} 4... Nf6 {[%clk 1:31:51]} 5. d3 {[%clk 1:32:18]} 5... d6 {
[%clk 1:26:15]} 6. a4 {[%clk 1:30:08]} 6... a5 {[%clk 1:24:24]} 7. Nbd2 { [%clk
1:29:45]} 7... O-O {[%clk 1:22:35]} 8. O-O {[%clk 1:29:43]} 8... Bb6 { [%clk
1:20:57]} 9. Re1 {[%clk 1:28:21]} 9... Ne7 {[%clk 1:18:12]} 10. Nf1 { [%clk
1:27:31]} 10... Ng6 {[%clk 1:15:08]} 11. Ng3 {[%clk 1:27:22]} 11... Be6 { [%clk
1:09:44]} 12. Ba2 {[%clk 1:24:39]} 12... Qd7 {[%clk 1:05:42]} 13. Be3 { [%clk
1:21:46]} 13... Bxe3 {[%clk 1:05:34]} 14. Rxe3 {[%clk 1:20:50]} 14... Bxa2
{[%clk 0:57:03]} 15. Rxa2 {[%clk 1:21:01]} 15... d5 {[%clk 0:53:15]} 16. Ra1
{[%clk 1:17:21]} 16... Rfe8 {[%clk 0:50:19]} 17. Qc2 {[%clk 1:15:00]} 17...
Rad8 {[%clk 0:49:59]} 18. Rae1 {[%clk 1:12:51]} 18... dxe4 {[%clk 0:41:36]} 19.
dxe4 {[%clk 1:10:28]} 19... Nf4 {[%clk 0:35:08]} 20. Rb1 {[%clk 1:07:07]} 20...
Qc6 {[%clk 0:23:49]} 21. Ree1 {[%clk 1:02:43]} 21... Nd7 {[%clk 0:20:27]} 22.
Rbd1 {[%clk 1:01:02]} 22... f6 {[%clk 0:19:44]} 23. h3 {[%clk 0:51:05]} 23...
Nc5 {[%clk 0:18:19]} 24. Rxd8 {[%clk 0:48:52]} 24... Rxd8 {[%clk 0:18:45]} 25.
b3 {[%clk 0:49:05]} 25... Rd3 {[%clk 0:15:47]} 26. Re3 {[%clk 0:46:14]} 26...
Rd8 {[%clk 0:14:47]} 27. Nd2 {[%clk 0:45:23]} 27... Qd7 {[%clk 0:13:30]} 28.
Ngf1 {[%clk 0:45:14]} 28... b6 {[%clk 0:13:19]} 29. f3 {[%clk 0:45:06]} 29...
Kf8 {[%clk 0:13:10]} 30. Qa2 {[%clk 0:38:56]} 30... Qf7 {[%clk 0:13:03]} 31.
Kh2 {[%clk 0:36:50]} 31... Qg6 {[%clk 0:13:07]} 32. g3 {[%clk 0:36:54]} 32...
Nfe6 {[%clk 0:13:08]} 33. Qc2 {[%clk 0:35:58]} 33... h5 {[%clk 0:13:00]} 34. b4
{[%clk 0:33:35]} 34... axb4 {[%clk 0:12:56]} 35. cxb4 {[%clk 0:33:54]} 35...
Na6 {[%clk 0:13:12]} 36. Qc4 {[%clk 0:33:45]} 36... h4 {[%clk 0:12:44]} 37.
Qxe6 {[%clk 0:27:23]} 37... Rxd2+ {[%clk 0:11:40]} 38. Nxd2 {[%clk 0:27:15]}
38... Qxg3+ {[%clk 0:12:07]} 39. Kh1 {[%clk 0:27:29]} 39... Qf2 {[%clk 0:12:05]
} 40. Qc8+ {[%clk 0:25:42]} 40... Ke7 {[%clk 0:11:14]} 41. Qxa6 {[%clk 0:19:59]
} 41... Qxe3 {[%clk 0:11:14]} 42. Qc4 {[%clk 0:18:14]} 42... Qxd2 { [%clk
0:10:36]} 43. Qxc7+ {[%clk 0:18:30]} 43... Kf8 {[%clk 0:10:08]} 44. Qxb6 {[%clk
0:18:32]} 44... Qe1+ {[%clk 0:08:08]} 45. Qg1 {[%clk 0:18:07]} 45... Qxb4
{[%clk 0:08:32]} 46. Qd1 {[%clk 0:18:21]} 46... Ke7 {[%clk 0:06:05]} 47. Kg2
{[%clk 0:18:27]} 1/2-1/2